| 000 | 004940000a22001810004500 | ||
|---|---|---|---|
| 003 | MACL | ||
| 005 | 20150730174529.0 | ||
| 008 | 150730b xxu||||| |||| 00| 0 eng d | ||
| 040 |
_aMACL _cMACL |
||
| 041 | _aEnglish | ||
| 082 | _a350/TOY | ||
| 100 |
_aNandy, Ganesh _93608 |
||
| 245 | _aA Sketch Of The Administration Of The Hooghlyn District From 1795 to1845 | ||
| 260 |
_bBengal Secretariat Press _c2006 _aKolkata |
||
| 350 | _a200 | ||
| 650 |
_aSocial Science _93609 |
||
| 942 |
_cBK _k350 _2ddc |
||
| 999 |
_c2886 _d2886 |
||